000 00641nam a2200241Ia 4500
001 16926
005 20240113235736.0
007 ta
008 051223s1930 a g b000 u asm u
040 _aCotton College,Assam
041 _aasm
082 _a891.414
_bAb 26 Li
100 _aAbott, Justin E. .
245 0 _aLife of Tukaram /
_cJustin E. Abott.
_hTextual Documents
250 _a1st ed. /
260 _aDelhi :
_bMotilal Banarsidass Publishers ,
_c1930.
300 _a345p. :
_bill ;
_c17cm .
653 _aAssamese Essays
653 _aG-Assamese
942 _2ddc
_cBK
999 _c16908
_d16908